00317nam a2200109 a 4500008004100000050002100041100002200062245005200084260004000136300002200176350000900198120416s1983 ||||||||||||||||| || u aQA 76.8.A663 Mia aMiastkowski, Stan14aThe Osborne/McGraw-Hill guide to your APPLE III aBerkeleybOsborne/McGraw-Hillc1983 axii, 276p. : ill. a0.00